1095 1519 1732 1168 1369 1501 1162 1389 1268 1480 1436 1180 1211 1054 1379 1242 1961 1850 1302 1010 1628 1894 1355 1171 1686 1190 1567 1849 1966 1293 1944 1820 1297 1597 1688 1270 1119 1105 1448 1098 1927 1255 1659 1271 1007 1968 1099 1855 1457 1996 1059 1459 1430 1654 1840 1011 1041 1260 1370 1323 1096 1328 1078 1592 1634 1679 1854 1873 1702 1161 1280 1309 1438 1020 1101 1185 1634 1393 1696 1247 1573 1023 1063 1710 1423 1308 1043 1024 1187 1290 1388 1486 1989 1734 1866 1014 1907 1866 1935 BCNSPRNW ULIB Ver.6.0+V

เปลี่ยนเป็นภาษาไทย

Change to English
 แสดงรายละเอียดบรรณานุกรม
  กลับหน้าหลัก

Brief Record : Get Marc (ISO 2709) : E-mail record : QR code < ปิดหน้าต่าง
LEADER : 00000nam 2200000uu 4500
001    13399122360
003     ULIB
008    130222s2555||||th 000 0 tha d
099    วจ.WY18^bภ636ก
100 0  ภุมรินทร์ อินชัวนี, ดวงพร หุ่นตระกูล, ชลลดา ติยะวิสุทธิศรี และสิทธามาศ อนุธาตุ
245 00 การพัฒนาความสามารถในการคิดอย่างมีวิจารณญาณโดยใช้กระบวนการคิดอย่างเป็นระบบ:^bกรณีศึกษาวิชาการพัฒนากระบวนการคิดอย่างเป้นระบบ สำหรับนักศึกษาพยาบาลศาสตร์ ชั้นปีที่ 1 วิทยาลัยพยาบาลบรมราชชนนี พุทธชินราช^cโดยภุมรินทร์ อินชัวนี, ดวงพร หุ่นตระกูล, ชลลดา ติยะวิสุทธิศรี และสิทธามาศ อนุธาตุ
260    พิษณุโลก:^bวิทยาลัยพยาบาลบรมาราชชนนี พุทธชินราช,^c2555
300    94 หน้า
650  0 การคิด^xวิจัย
700 0  ดวงพร หุ่นตระกูล
700 0  ชลลดา ติยะวิสุทธิศรี
700 0  สิทธามาศ อนุธาตุ
945    ^p0^l0^i033609
945    ^p0^l0^i001387
999    ^aเกษร โพธิ์สุวรรณ
รายการนี้ยังไม่มีแท็ก
คุณยังไม่ได้ล็อกอิน คุณสามารถมีกิจกรรมร่วมกับเว็บไซต์ได้ แต่ต้องล็อกอินก่อน ::
  ล็อกอิน

รายการสื่อสารสนเทศ

ลำดับที่ ประเภท เลขเรียก/บาร์โค้ด สถานที่ สถานะ
1. งานวิจัย
งานวิจัย
วจ.WY18 ภ636ก  
  Barcode: 033609
ห้องสมุดวิทยาเขตสวรรค์ประชารักษ์
►วิจัย
บนชั้น
2. งานวิจัย
งานวิจัย
วจ.WY18 ภ636ก ฉ.2 
  Barcode: 001387
ห้องสมุดวิทยาเขตสวรรค์ประชารักษ์
►วิจัย
บนชั้น

BibComment


ยังไม่เคยถูกคอมเมนท์

คอมเมนท์ทรัพยากรรายการนี้
  คอมเมนท์: การพัฒนาความสามาร..


 Copyright 2026. Bcnsprnw @Library